000 00423pab a2200157 454500
008 180718b2007 xxu||||| |||| 00| 0 eng d
100 _aAnbuselvam, S.P. Kanaga
245 _aRegulated market - a tool for economic development
260 _c2007
300 _ap.52-55.
362 _aJan-Jun
650 _aEconomic and social development
773 _aPolitical Economy Journal of India
908 _aN
909 _a75529
999 _c75529
_d75529